| 000 | 00812nam a2200217 i 4500 | ||
|---|---|---|---|
| 001 | 113439 | ||
| 003 | ES-MaACL | ||
| 005 | 20230906185907.0 | ||
| 007 | t| | ||
| 008 | 061121s1977 sp r ||||1| spa d | ||
| 245 | 0 | 0 |
_aAutobiografía del fascismo / _cdirección Enzo Nizza ; notas históricas Ruggero Zangrandi ; introducción a la edición española Manuel Rubio Cabeza ; versión de Jaime Forga. |
| 260 |
_aBarcelona : _bGlosa, _c1977. |
||
| 300 |
_aXV, 311 p. : principalmente il. col. y n. ; _c23 x 24 cm. |
||
| 650 |
_aFascismo- _zItalia. _9160050 |
||
| 651 | 4 |
_aItalia- _xHistoria- _y1914-1945. _9159351 |
|
| 700 | 1 |
_aZangrandi, Ruggero. _9117975 |
|
| 700 | 1 |
_aRubio Cabeza, Manuel. _9100389 |
|
| 700 | 1 |
_aForga, Jaime. _951738 |
|
| 700 | 0 |
_aNizza, Enzo. _985790 |
|
| 852 |
_aES-MaACL _jA-6491 _bR.95841 |
||
| 999 |
_c113439 _d113439 |
||